Integráló erők lehetősége a nemzetközi rendszerben, fogalmi alapvetés

What we today call the international system was created by the West from early modern age. This term is often used in political theory, but less focused on how to classify integrative forces within the international system. In the context of this study, we are attempting to lay down some conceptual...

Teljes leírás

Elmentve itt :
Bibliográfiai részletek
Szerző: Zsinka László
Dokumentumtípus: Cikk
Megjelent: 2020
Sorozat:Közép-európai közlemények 13 No. 1-2
Kulcsszavak:Politikai integráció, Gazdasági integráció
Tárgyszavak:
Online Access:http://acta.bibl.u-szeged.hu/70221
LEADER 02123nab a2200229 i 4500
001 acta70221
005 20230327152528.0
008 200914s2020 hu o 0|| hun d
022 |a 1789-6339 
040 |a SZTE Egyetemi Kiadványok Repozitórium  |b hun 
041 |a hun 
041 |a eng 
100 1 |a Zsinka László 
245 1 0 |a Integráló erők lehetősége a nemzetközi rendszerben, fogalmi alapvetés  |h [elektronikus dokumentum] /  |c  Zsinka László 
260 |c 2020 
300 |a 455-469 
490 0 |a Közép-európai közlemények  |v 13 No. 1-2 
520 3 |a What we today call the international system was created by the West from early modern age. This term is often used in political theory, but less focused on how to classify integrative forces within the international system. In the context of this study, we are attempting to lay down some conceptual basis. How do we understand the linking and unifying factors within the international system? Initially, the emergence of the international system was largely attributed to political factors in theory, but we can also refer to other explanatory principles: one considers economic factors and civilizational factors are taken into consideration as essential aspects of the international structures. According to our viewpoint, inter-civilization dialogue seems to be a "third way" that goes beyond the expansive one-sidedness of Western universalism and the world-level confrontation of hostile civilizations. This „civilizational approach” incorporates the two previous aspects - economic and political - and this is what gives its importance. In our view, inter-civilization dialogue is the only viable way to create global ethos, and only the resulting "intellectual revolution" can make national and supranational economic and political institutions to operate in effective way under the conditions of globalization. 
650 4 |a Bölcsészettudományok 
650 4 |a Történettudomány és régészet 
695 |a Politikai integráció, Gazdasági integráció 
856 4 0 |u http://acta.bibl.u-szeged.hu/70221/1/kek_048_455-469.pdf  |z Dokumentum-elérés